Negotiate successfully (Record no. 5079)

MARC details
000 -CABECERA
campo de control de longitud fija 02140nam a2200289 i 4500
001 - NÚMERO DE CONTROL
campo de control on1294286011
003 - IDENTIFICADOR DEL NÚMERO DE CONTROL
campo de control OCoLC
005 - FECHA Y HORA DE LA ÚLTIMA TRANSACCIÓN
campo de control 20251022142534.0
008 - DATOS DE LONGITUD FIJA--INFORMACIÓN GENERAL
campo de control de longitud fija 220131s2022 enka b 001 0 eng d
020 ## - NÚMERO INTERNACIONAL ESTÁNDAR DEL LIBRO
Número Internacional Estándar del Libro 9781399404136
035 ## - NÚMERO DE CONTROL DEL SISTEMA
Número de control de sistema (OCoLC)1294286011
Número de control cancelado/no válido (OCoLC)1294137106
-- (OCoLC)1294218054
040 ## - FUENTE DE LA CATALOGACIÓN
Centro catalogador/agencia de origen YDX
Lengua de catalogación eng
Normas de descripción rda
Centro/agencia transcriptor YDX
Centro/agencia modificador UKMGB
-- OCLCF
-- CLE
-- GO4
-- CLE
-- IMF
-- UOH
041 ## - CÓDIGO DE LENGUA
Código de lengua del texto/banda sonora o título independiente eng
050 #4 - SIGNATURA TOPOGRÁFICA DE LA BIBLIOTECA DEL CONGRESO
Número de clasificación HD58.6
Número de documento/Ítem .N334 2022
110 ## - ENTRADA PRINCIPAL--NOMBRE DE ENTIDAD CORPORATIVA
Nombre de entidad corporativa o nombre de jurisdicción como elemento de entrada Bloomsbury (Firm)
Término indicativo de función/relación publisher
9 (RLIN) 26264
245 00 - MENCIÓN DE TÍTULO
Título Negotiate successfully
Resto del título : how to find win-win situations and still get what you need.
250 ## - MENCIÓN DE EDICIÓN
Mención de edición Revised and updated edition.
260 ## - PUBLICACIÓN, DISTRIBUCIÓN, ETC.
Lugar de publicación, distribución, etc. London :
Nombre del editor, distribuidor, etc. Bloomsbury Business :
-- Bloomsbury Publishing Plc.,
Fecha de publicación, distribución, etc. 2022.
300 ## - DESCRIPCIÓN FÍSICA
Extensión 96 pages :
Otras características físicas illustrations ;
Dimensiones 18 cm.
490 ## - MENCIÓN DE SERIE
Mención de serie Business essentials series.
500 ## - NOTA GENERAL
Nota general First published in Great Britain in 2004 by A&C Black.
504 ## - NOTA DE BIBLIOGRAFÍA, ETC.
Nota de bibliografía, etc. Includes bibliographical references (pages 91-[94]) and index.
505 0# - NOTA DE CONTENIDO CON FORMATO
Nota de contenido con formato Developing negotiating skills — Using non-verbal communication — Planning your negotiation — Coping in difficult negotiations — Negotiating by email — Negotiating with people from other cultures — Negotiating the pay rise you deserve.
520 ## - SUMARIO, ETC.
Sumario, etc. A clear explanation of the art of negotiation, with practical advice on how to prepare, how to keep cool under pressure, and how body language can be used to your advantage. All of us negotiate every day in different ways--whether that's in a work setting, using professional partners, or even at home. But for many people it's a nerve-wracking experience that leaves them feeling awkward, tongue-tied and at a disadvantage. This book will explain the dynamics of a successful negotiation, allowing you to understand the full process and apply the guidance to your own situations. It will help you to build your confidence and allow you to find the results that are right for you, with practical advice on the basic principles of negotiation, how to prepare, how to keep cool under pressure, and how to understand and use body language to achieve your goals.
650 #0 - PUNTO DE ACCESO ADICIONAL DE MATERIA--TÉRMINO DE MATERIA
Término de materia o nombre geográfico como elemento de entrada Negotiation in business
9 (RLIN) 27
942 ## - ELEMENTOS DE ENTRADA AGREGADA (KOHA)
Fuente del sistema de clasificación o colocación Clasificación de Library of Congress
Holdings
Estado de retiro Estado de pérdida Fuente del sistema de clasificación o colocación Estado dañado No para préstamo Biblioteca de origen Biblioteca actual Fecha de adquisición Total de préstamos Signatura topográfica completa Código de barras Fecha visto por última vez Número de copia Precio válido a partir de Tipo de ítem Koha Nota pública
    Clasificación de Library of Congress     TBS Barcelona TBS Barcelona 22/10/2025   HD58.6 BLO B05716 22/10/2025 1 22/10/2025 Book WELL COLLECTION

Powered by Koha